Normal view
MARC view
- Home Nursing
Entry Topical Term
001 - CONTROL NUMBER
- control field: 100630
003 - CONTROL NUMBER IDENTIFIER
- control field: NUST
005 - DATE AND TIME OF LATEST TRANSACTION
- control field: 20221018141518.0
008 - FIXED-LENGTH DATA ELEMENTS
- fixed length control field: 221018|| aca||aabn | a|a d
040 ## - CATALOGING SOURCE
- Original cataloging agency: NUST
- Transcribing agency: NUST
150 ## - HEADING--TOPICAL TERM
- Topical term or geographic name entry element: Home Nursing
670 ## - SOURCE DATA FOUND
- Source citation: Work cat.: (NUST)183185: Keele.K.D 100628, Modern Home Nursing and First Aid
